000 00642nas a2200229 4500
001 BR8904793
003 BR-BrBNA
005 20231205091720.0
007 ta
008 230509b bl.|||p| |||| 00| 00por d
040 _aBR-BrBNA
_bpor
_cBiblioteca Nacional de Agricultura
041 _a(Pt)
072 _aF01
100 1 _aPitombo, L.H.
245 1 _aColonizacao do caju na Serra do Mel
650 _aCAJU
650 _aPRODUCAO VEGETAL
650 _aRIO GRANDE DO NORTE
773 0 _tToda Fruta (Brazil)
_xISSN 0102-7166
_g(Aug 1986), v. 1(4) p. 34-36
_wBR8904793
909 _a202311
_bLúcia
_c55
_dLúcia Elande
942 _2AGRIS
_n0
_cANA
999 _c126876
_d126876